000 00751cam a2200265 a 4500
001 16078520
005 20180310040416.0
008 100201s2012 maua 001 0 eng
010 _a 2010002285
020 _a9780321715425
020 _a032171542X
020 _a0321442334
035 _a(OCoLC)ocn503594738
040 _aDLC
_cDLC
_dYDX
_dYDXCP
_dBWX
_dDLC
041 _aeng
080 _a512
082 0 0 _a512 LIA
_222
100 1 _a36
101 _aMAT
245 1 0 _aBeginning and intermediate algebra /
_cMargaret L. Lial, John Hornsby, Terry McGinnis.
246 3 4 _aBeginning & intermediate algebra
906 _a7
_bcbc
_corignew
_d1
_eecip
_f20
_gy-gencatlg
942 _2ddc
_cBK
999 _c44655
_d44655